[Event "Titled Tue 27th May Early"]
[Site "chess.com INT"]
[Date "2025.05.27"]
[Round "6"]
[White "Levitan, Caleb Levi"]
[Black "Antoniou, Rafail"]
[Result "0-1"]
[WhiteTitle "FM"]
[BlackTitle "CM"]
[WhiteElo "2333"]
[BlackElo "2134"]
[WhiteFideId "14332620"]
[BlackFideId "5904390"]
[EventDate "2025.05.27"]

1. e4 c5 2. Nf3 e6 3. d4 cxd4 4. Nxd4 Nf6 5. Nc3 Nc6 6. Qd3 Bb4 7. Nxc6 bxc6 8.
e5 Nd5 9. Qg3 g6 10. h4 Qa5 11. Bd2 Ba6 12. Bxa6 Bxc3 13. Bxc3 Qxa6 14. h5 gxh5
15. a3 O-O-O 16. O-O-O Rhg8 17. Qf3 Qc4 18. Bd4 c5 19. b3 Qb5 20. c4 Qb6 21. Bb2
Nc7 22. Rxh5 Rg7 23. Kc2 Rdg8 24. g3 Rd8 25. Bc1 Qa6 26. Kb2 Qb7 27. Qxb7+ Kxb7
28. Bg5 Rdg8 29. Bf6 Rg4 30. Rxh7 Rd4 31. Rxd4 cxd4 32. Rxf7 Kc6 33. b4 a6 34.
a4 Rg4 35. b5+ axb5 36. cxb5+ Kc5 37. Rxd7 Nd5 38. Be7+ Kc4 39. a5 Re4 40. a6
Re2+ 41. Ka3 Nc3 42. Rxd4+ Kxd4 43. Kb4 Rb2+ 44. Ka3 Rxb5 45. Bb4 Rb6 46. a7
Ra6+ 47. Kb3 Nd5 48. Bd2 Rxa7 49. f4 Rg7 50. Be1 Ke3 51. Kc4 Ke2 52. Ba5 Rxg3
53. f5 Ne3+ 54. Kc5 Nxf5 55. Kc6 Rd3 56. Bb6 Rd5 57. Bc7 Kd3 58. Bd6 Ke4 59. Kd7
Rxe5 60. Bxe5 Kxe5 61. Kc6 Kd4 62. Kb5 e5 63. Kb4 e4 64. Kb3 Kd3 65. Kb2 Kd2 0-1

[Event "Titled Tue 27th May Early"]
[Site "chess.com INT"]
[Date "2025.05.27"]
[Round "6"]
[White "Iljin, Timofey"]
[Black "Ristic, Nebojsa M"]
[Result "1-0"]
[WhiteTitle "IM"]
[BlackTitle "IM"]
[WhiteElo "2242"]
[BlackElo "2248"]
[WhiteFideId "14110180"]
[BlackFideId "900850"]
[EventDate "2025.05.27"]

1. e4 e6 2. d4 d5 3. exd5 exd5 4. h3 Bd6 5. Nc3 Ne7 6. Qf3 O-O 7. Bd3 c6 8. Nge2
Ng6 9. g3 Nd7 10. Be3 Qf6 11. Qg2 b5 12. O-O-O a5 13. h4 h6 14. h5 Ne7 15. g4
Nb6 16. g5 hxg5 17. Bxg5 Qe6 18. h6 g6 19. Rde1 Qg4 20. h7+ Kg7 21. Bh6+ Kh8 22.
Bxf8 Be6 23. Qxg4 Bxg4 24. Bxe7 Bxe7 25. Nf4 Bg5 26. Rhg1 Bxf4+ 27. Kb1 Be6 28.
Bxg6 Bd2 29. Re2 Bxc3 30. bxc3 Na4 31. Re3 b4 32. Bd3 Nxc3+ 33. Kb2 a4 34. Reg3
f5 35. Bxf5 Bxf5 36. Rg8+ Kxh7 37. Rxa8 Be4 38. Rf8 Ne2 39. Rg4 Nxd4 40. Rf6 a3+
41. Kc1 Ne2+ 42. Kd2 Nc3 43. Rg3 Nxa2 44. Rf4 Bg6 45. Rh4+ Kg7 46. Rhg4 Nc3 47.
Rxg6+ Kf7 48. Rg7+ Ke6 49. Ra7 Ne4+ 50. Kd3 Nxf2+ 51. Ke3 Ne4 52. Rg4 Nc3 53.
Rxb4 c5 54. Rb6+ Ke5 55. Rb3 d4+ 56. Kd3 Nd5 57. Rbxa3 Nf4+ 58. Kc4 Ne6 59. Re7
Kd6 60. Rxe6+ Kxe6 61. Kxc5 Ke5 62. Rd3 Ke4 63. Rxd4+ Ke5 64. c4 Ke6 65. Rd5 Ke7
66. Kd4 Ke8 67. c5 Ke7 68. c6 Ke6 69. c7 Ke7 70. c8=Q Kf6 71. Qf5+ Kg7 72. Rd7+
Kh6 1-0

[Event "Titled Tue 27th May Early"]
[Site "chess.com INT"]
[Date "2025.05.27"]
[Round "6"]
[White "Demchenko, Anton"]
[Black "Harshit, Ranjan Sahu"]
[Result "1-0"]
[WhiteTitle "GM"]
[BlackTitle "CM"]
[WhiteElo "2619"]
[BlackElo "2214"]
[WhiteFideId "4160258"]
[BlackFideId "25638815"]
[EventDate "2025.05.27"]

1. e4 e5 2. Nf3 Nf6 3. Nxe5 d6 4. Nf3 Nxe4 5. Qe2 Qe7 6. d3 Nf6 7. Bg5 Qxe2+ 8.
Bxe2 Be7 9. Nc3 O-O 10. O-O-O Be6 11. Nd4 Bd7 12. Ndb5 Na6 13. Rde1 c6 14. Bxf6
gxf6 15. Nd4 f5 16. f4 Bf6 17. Nf3 Nc5 18. Nd1 Ne6 19. g3 Rfe8 20. Bf1 a5 21.
Bh3 Nd4 22. Nxd4 Bxd4 23. c3 Bb6 24. Kd2 a4 25. Rxe8+ Rxe8 26. Re1 Rxe1 27. Kxe1
Bg1 28. Kf1 Bb6 29. Ke2 Kg7 30. Ne3 Kf6 31. d4 Be6 32. a3 Bd8 33. Bg2 Bb6 34.
Kd3 Ba7 35. Bf3 Ke7 36. Bd1 b5 37. Bf3 c5 38. Bc6 cxd4 39. cxd4 Bb3 40. Bxb5 Ke6
41. Ba6 d5 42. Bc8+ Kf6 43. Bxf5 Bb6 44. Bd7 h5 45. Bh3 Ba5 46. Bf1 Ba2 47. Bg2
Ke6 48. Bh3+ Kf6 49. Bd7 Bb3 50. Bb5 Be1 51. Ke2 Ba5 52. f5 Ke7 53. Ba6 Bb6 54.
Kd3 Ba5 55. h3 Bc7 56. g4 h4 57. Bb7 Kd6 58. g5 Bd8 59. g6 fxg6 60. fxg6 Ke6 61.
g7 Kf7 62. Bxd5+ Kxg7 63. Bxb3 axb3 64. Kc3 Bb6 65. Kxb3 Kg6 66. Kc4 Kg5 67. Nd5
Bd8 68. b4 Kf5 69. Kd3 1-0

[Event "Titled Tue 27th May Early"]
[Site "chess.com INT"]
[Date "2025.05.27"]
[Round "6"]
[White "Vyom Malhotra"]
[Black "Ismagilov, Damir"]
[Result "0-1"]
[WhiteTitle "CM"]
[BlackTitle "CM"]
[WhiteElo "1975"]
[BlackElo "2173"]
[WhiteFideId "33383561"]
[BlackFideId "34199982"]
[EventDate "2025.05.27"]

1. e4 c5 2. Nc3 Nc6 3. f4 g6 4. Nf3 Bg7 5. Bb5 e6 6. Bxc6 bxc6 7. e5 d5 8. exd6
Qxd6 9. d3 Nf6 10. O-O O-O 11. Be3 Nd5 12. Ne4 Nxe3 13. Nxd6 Nxd1 14. Rfxd1 Bxb2
15. Rab1 Bg7 16. Rb3 Rd8 17. Nc4 Ba6 18. Nfd2 Bd4+ 19. Kf1 Kg7 20. Ra3 Bb5 21.
Ke2 a5 22. Rxa5 Rxa5 23. Nxa5 Ra8 24. Nab3 Rxa2 25. Nxd4 cxd4 26. Rc1 Ba4 27.
Kd1 f5 28. Nf3 c5 29. Ne5 h6 30. h4 Kf6 31. Kd2 g5 32. hxg5+ hxg5 33. g3 g4 34.
Nc4 Bc6 35. Ne5 Ba4 36. Nc4 Ke7 37. Ne5 Kd6 38. Nc4+ Kc7 39. Ne5 Kd6 40. Nc4+
Kc6 41. Ne5+ Kd5 42. Nc4 Bb3 43. Ne5 c4 44. dxc4+ Bxc4 45. Rb1 Ra3 46. Rb4 Bf1
47. Rb3 Rxb3 48. cxb3 Ke4 49. b4 Bb5 50. Kc2 Ke3 51. Kd1 d3 52. Ng6 Kf2 53. Ne5
Kxg3 54. Nf7 Kf3 55. Nd6 Ba6 56. b5 Bxb5 57. Nxb5 Kf2 58. Nd4 g3 0-1

[Event "Titled Tue 27th May Early"]
[Site "chess.com INT"]
[Date "2025.05.27"]
[Round "6"]
[White "Begunov, Konstantin"]
[Black "Essing, Arnold"]
[Result "1/2-1/2"]
[WhiteTitle "FM"]
[BlackTitle "FM"]
[WhiteElo "2325"]
[BlackElo "2211"]
[WhiteFideId "4118510"]
[BlackFideId "4619862"]
[EventDate "2025.05.27"]

1. d4 d5 2. c4 e6 3. Nc3 c5 4. cxd5 exd5 5. Nf3 Nc6 6. g3 c4 7. b3 Bb4 8. Bd2
Bxc3 9. Bxc3 b5 10. bxc4 bxc4 11. Bg2 Nf6 12. Ne5 Bd7 13. Nxc6 Bxc6 14. Bb4 Rb8
15. a3 a5 16. Bc5 Nd7 17. Bd6 Rb3 18. O-O Qf6 19. Bc5 Nxc5 20. dxc5 O-O 21. Bxd5
Rd8 22. e4 Rd3 23. Qc2 Bxd5 24. exd5 Qd4 25. Rac1 c3 26. Rfd1 Rd2 27. Rxd2 cxd2
28. Rd1 Rxd5 29. c6 Rc5 30. Qxd2 Qxd2 31. Rxd2 Kf8 32. Rd8+ Ke7 33. Rc8 Kd6 34.
Rg8 g6 35. Rg7 Ke6 36. Rxh7 Rxc6 37. h4 Rc3 38. h5 gxh5 39. Rxh5 Rxa3 40. Kg2 a4
41. Ra5 Ra2 42. g4 a3 43. Kg3 Kf6 44. f4 Ra1 45. Ra6+ Kg7 46. Kh4 Rf1 47. Kg5
Rf3 48. f5 Rb3 49. f6+ Kh7 50. Ra7 Rb5+ 51. Kh4 Kg6 52. Rxa3 Kxf6 53. Rf3+ Kg7
54. Re3 Rb6 55. Rf3 Ra6 56. Re3 Rb6 57. Re5 Ra6 58. Rf5 Rf6 59. Rg5+ Rg6 60. Rf5
Rh6+ 61. Kg5 Rg6+ 62. Kf4 Rf6 63. Ke5 Rxf5+ 64. gxf5 Kf8 65. Kf6 Ke8 66. Ke5 Ke7
67. f6+ Kd7 68. Kd5 Kc7 69. Kc5 Kd7 70. Kd5 Kc7 71. Kc5 Kd7 72. Kd5 1/2-1/2

[Event "Titled Tue 27th May Early"]
[Site "chess.com INT"]
[Date "2025.05.27"]
[Round "6"]
[White "Cardozo Munar, Carlos Eduardo"]
[Black "Sava, Robert-Gabriel"]
[Result "1/2-1/2"]
[WhiteTitle "FM"]
[BlackTitle "CM"]
[WhiteElo "2052"]
[BlackElo "2155"]
[WhiteFideId "4409477"]
[BlackFideId "1265725"]
[EventDate "2025.05.27"]

1. d4 d5 2. c3 c6 3. Nf3 Nf6 4. Bg5 e6 5. Nbd2 Be7 6. e3 O-O 7. Bd3 Nbd7 8. O-O
Ne8 9. Bf4 Bd6 10. Bxd6 Nxd6 11. e4 dxe4 12. Nxe4 Nxe4 13. Bxe4 Nf6 14. Bc2 Qc7
15. Re1 b6 16. Qd3 Bb7 17. Ne5 Rfd8 18. Ng4 Qe7 19. Nxf6+ Qxf6 20. Qxh7+ Kf8 21.
Re3 c5 22. dxc5 bxc5 23. Be4 Bxe4 24. Qxe4 Rd5 25. Rae1 Rad8 26. g3 Kg8 27. h4
Rd2 28. R3e2 Qh6 29. a3 Rxe2 30. Qxe2 Rd2 31. Qb5 Qf6 32. Qxc5 Rxb2 33. Qxa7
Qxc3 34. Qa8+ Kh7 35. Qe4+ g6 36. h5 Qc5 37. hxg6+ fxg6 38. Re3 Qf5 39. Qxf5
exf5 40. Kg2 Kh6 41. Kf3 Ra2 42. Rb3 Kh5 43. Ke3 g5 44. f3 g4 45. Kf4 gxf3 46.
Rxf3 Kg6 47. Rb3 Ra1 48. Rb6+ Kg7 49. Ra6 Rf1+ 50. Kg5 Rf3 51. a4 Rxg3+ 52. Kxf5
Re3 53. Rd6 Ra3 54. Rd4 Kf7 55. Ke4 Ke7 56. Ke5 Ra1 57. Kd5 Kd7 58. Kc5+ Kc7 59.
Kb5 Kb7 60. Rd7+ Kb8 61. a5 Rc1 62. Kb6 Rc8 63. Rb7+ Ka8 64. a6 Rf8 65. Rc7 Kb8
66. Rc6 Re8 67. Rd6 Rf8 68. Rg6 Ka8 69. Rh6 Rb8+ 70. Ka5 Rf8 71. Kb6 Rb8+ 72.
Ka5 Rf8 73. Kb6 1/2-1/2

[Event "Titled Tue 27th May Early"]
[Site "chess.com INT"]
[Date "2025.05.27"]
[Round "6"]
[White "Souleidis, Georgios"]
[Black "Chan, Kim Yew"]
[Result "0-1"]
[WhiteTitle "IM"]
[BlackTitle "FM"]
[WhiteElo "2418"]
[BlackElo "2304"]
[WhiteFideId "4206827"]
[BlackFideId "5717981"]
[EventDate "2025.05.27"]

1. e4 e5 2. Nc3 Nf6 3. d4 exd4 4. Qxd4 Nc6 5. Qd3 Bb4 6. Bd2 d6 7. O-O-O Be6 8.
f4 Qe7 9. Nf3 O-O-O 10. Kb1 Kb8 11. f5 Bc8 12. Bg5 Bxc3 13. bxc3 h6 14. Bh4 Rhe8
15. Re1 Ne5 16. Qb5 g5 17. Bg3 Bd7 18. Qb3 Bc6 19. Bd3 Nfd7 20. Nd4 Nc5 21. Qb4
Bd7 22. Rd1 Nc6 23. Qa3 Nxd4 24. cxd4 Nxe4 25. Rhf1 f6 26. Ka1 Nxg3 27. hxg3 Qe3
28. Qb2 Qxg3 29. Rb1 b6 30. d5 Re3 31. Qxf6 Qe5+ 32. Qxe5 Rxe5 33. c4 Rf8 34. f6
Re3 35. Rbd1 Bg4 36. Rd2 Rxd3 37. Rxd3 Be2 38. Rdd1 Bxd1 39. Rxd1 Rxf6 40. Rh1
Kb7 41. Kb2 Rf2+ 42. Kb3 Rxg2 43. Rxh6 a5 44. a4 Rg3+ 45. Kb2 g4 46. Rg6 Rg1 47.
Rg8 g3 48. Kb3 Ka7 49. Kb2 g2 50. Ka2 b5 51. cxb5 Kb6 52. Rg7 Kb7 53. Kb2 Kc8
54. Ka2 Kd8 55. Kb2 Ke8 56. Ka2 Kf8 57. Rg3 Kf7 58. Rg4 Kf6 59. Kb2 Ke5 60. Rg5+
Ke4 61. Ka2 Kf3 62. Rf5+ Ke3 63. Rg5 Kd4 64. Kb2 Kc4 65. Ka2 Kb4 66. Rg4+ Kc3
67. Rg5 Rd1 68. Rxg2 Rd2+ 69. Rxd2 Kxd2 70. Kb3 Kd3 0-1

[Event "Titled Tue 27th May Early"]
[Site "chess.com INT"]
[Date "2025.05.27"]
[Round "6"]
[White "Janukshan, B"]
[Black "Ferrara, Enzo"]
[Result "1-0"]
[WhiteTitle "CM"]
[WhiteElo "1967"]
[BlackElo "2138"]
[WhiteFideId "29945399"]
[BlackFideId "137731"]
[EventDate "2025.05.27"]

1. Nf3 f5 2. d4 Nf6 3. c4 g6 4. Nc3 Bg7 5. Bf4 O-O 6. e3 d6 7. h4 c6 8. Be2 Qe8
9. Qb3 Nbd7 10. Ng5 Nb6 11. c5+ Nbd5 12. cxd6 Kh8 13. dxe7 Qxe7 14. Be5 h6 15.
Nh3 Be6 16. Nxd5 Bxd5 17. Nf4 Kh7 18. Qc2 Be4 19. Qd2 Rac8 20. h5 Nxh5 21. Nxg6
Kxg6 22. Bxh5+ Kh7 23. Bxg7 Qxg7 24. f3 Bd5 25. Qf2 c5 26. dxc5 Rxc5 27. e4 Rfc8
28. Rd1 Rc2 29. Rd2 Qxb2 30. exd5 Qc1+ 31. Rd1 Rxf2 32. Rxc1 Rxc1+ 33. Kxf2 Rxh1
34. f4 Rxh5 35. d6 Rh4 36. d7 Rxf4+ 37. Ke3 Re4+ 38. Kd3 Re1 39. Kd2 Rg1 40.
d8=Q Rxg2+ 41. Ke3 Rg7 42. Qd5 Kg6 43. Qe6+ Kg5 44. Kf3 Rg6 45. Qe5 Rf6 46. Qf4+
Kg6 47. Qg3+ Kf7 48. Qc7+ Kg6 49. Qxb7 a6 50. Qc8 Kf7 51. Qh8 Ke6 52. Qh7 f4 53.
Qe4+ Kd6 54. Qd4+ Ke6 55. Qb6+ Kf7 56. Qb7+ Kg6 57. Qe4+ Kg5 58. a4 h5 59. Qe5+
Rf5 60. Qg7+ Kh4 61. Qg2 Rf6 62. a5 Rf7 63. Qg6 Rf8 64. Qg7 Rf5 65. Qe7+ Kh3 66.
Qe1 Kh2 67. Qf2+ Kh3 68. Qg2+ Kh4 69. Qf2+ Kg5 70. Qg1+ Kf6 71. Qb6+ Kg5 72.
Qxa6 h4 73. Qf1 Rb5 74. Qxb5+ 1-0

[Event "Titled Tue 27th May Early"]
[Site "chess.com INT"]
[Date "2025.05.27"]
[Round "6"]
[White "Zhigalko, Sergei"]
[Black "Bukreev, Stanislav"]
[Result "1-0"]
[WhiteTitle "GM"]
[BlackTitle "FM"]
[WhiteElo "2572"]
[BlackElo "2328"]
[WhiteFideId "13502956"]
[BlackFideId "34252347"]
[EventDate "2025.05.27"]

1. e4 e6 2. d4 d5 3. e5 c5 4. c3 Nc6 5. Nf3 Qb6 6. a3 Nh6 7. b4 cxd4 8. cxd4 Nf5
9. Be3 f6 10. exf6 gxf6 11. Bd3 Nxe3 12. fxe3 Bh6 13. Qe2 Bd7 14. O-O O-O-O 15.
Nc3 Ne7 16. e4 Kb8 17. exd5 Nxd5 18. Nxd5 exd5 19. Kh1 Rhe8 20. Qf2 Be3 21. Qh4
Re7 22. Rae1 Rde8 23. Re2 Bg5 24. Qg3+ Qc7 25. Rxe7 Rxe7 26. Ne5 Bc8 27. h4 fxe5
28. Qxg5 e4 29. Be2 Rg7 30. Qxd5 Qe7 31. Rf4 Ka8 32. Qxe4 Qd8 33. Qf3 Rg8 34.
Bc4 Re8 35. Bd5 a6 36. Kh2 h6 37. Be4 Ka7 38. d5 Qd6 39. Qf2+ Ka8 40. Kg1 Qe5
41. g3 Qa1+ 42. Kg2 Qc1 43. d6 Qd1 44. Bf3 Qxd6 45. Rf6 Qd3 46. Rxh6 Rg8 47. Rf6
Kb8 48. Rf4 Qd6 49. Kh2 Qc7 50. Bg2 Qc3 51. Rf8 Rg7 52. Qf4+ Rc7 53. Qf3 Qc2 54.
Qf2 Qc3 55. Qf4 Ka7 56. Rf7 Rxf7 57. Qxf7 Qxa3 58. Qf2+ Kb8 59. Qf4+ Ka7 60. h5
Qd3 61. h6 Qg6 62. Qd4+ Kb8 63. Qh4 Bf5 64. Qd8+ Ka7 65. Qh4 Kb8 66. Qf4+ Ka7
67. Bf3 b6 68. Qe3 Qh7 69. Kg2 a5 70. bxa5 Qg6 71. Qxb6+ Qxb6 72. axb6+ Kxb6 73.
g4 Bg6 74. Kg3 Kc5 75. Kf4 Kd6 76. Be4 Ke6 77. Bxg6 Kf6 78. Be4 Kf7 79. g5 Kg8
80. g6 Kh8 81. g7+ Kg8 82. Bd5+ Kh7 83. g8=Q+ Kxh6 1-0

[Event "Titled Tue 27th May Early"]
[Site "chess.com INT"]
[Date "2025.05.27"]
[Round "6"]
[White "Vlassov, Nikolai"]
[Black "Rustemov, Alexander"]
[Result "0-1"]
[WhiteTitle "IM"]
[BlackTitle "GM"]
[WhiteElo "2291"]
[BlackElo "2525"]
[WhiteFideId "4103360"]
[BlackFideId "4119002"]
[EventDate "2025.05.27"]

1. e4 e6 2. d4 d5 3. exd5 exd5 4. Nf3 Bf5 5. Qe2+ Ne7 6. Nc3 Nc6 7. Bg5 f6 8.
Be3 Nb4 9. Rc1 Qd7 10. a3 Nbc6 11. Nh4 Be6 12. g3 O-O-O 13. Bg2 g5 14. Nf3 Bh3
15. Qf1 Bxg2 16. Qxg2 Nf5 17. Kd2 Nd6 18. h4 Nc4+ 19. Ke2 g4 20. Nd2 Nxb2 21.
Rb1 Nc4 22. Nxc4 dxc4 23. Rhd1 Qf5 24. Kf1 Qxc2 25. Rdc1 Qd3+ 26. Kg1 Bxa3 27.
Rxb7 Kxb7 28. Rb1+ Qxb1+ 29. Nxb1 Bb4 30. Qf1 Rd6 31. Qxc4 a5 32. Nc3 Bxc3 33.
Qxc3 Rhd8 34. d5 Rxd5 35. Qxf6 h5 36. Kg2 R8d6 37. Qb2+ Nb4 38. Bf4 Rb6 39. Qc3
Na6 40. Qc4 Rc5 41. Qe4+ Rbc6 42. Be3 Rb5 43. Qd3 Rb4 44. Qd5 a4 45. Qxh5 a3 46.
Qa5 Rcc4 47. h5 Ra4 48. Qb5+ Ka8 49. h6 a2 50. Qd5+ c6 51. Qd8+ Nb8 52. h7 a1=Q
53. h8=Q Qxh8 54. Qxh8 Kb7 55. Qe5 Nd7 56. Qd6 Nb6 57. Bf4 Nd5 58. Qd7+ Kb6 59.
Bd6 Kb5 60. Qd8 Nb6 61. Bc7 Ra6 62. Bxb6 Rxb6 63. Qg5+ c5 64. Qd2 Rb4 65. Qd3+
c4 66. Qd5+ Ka4 67. Qd7+ Kb3 68. Qxg4 c3 69. Qf3 Kb2 70. Qd1 c2 71. Qd2 Rc4 72.
g4 Kb1 73. Qd3 Rbb4 74. f3 Kb2 75. Qd2 Kb3 76. Qd3+ Ka2 77. Qd2 Ka1 0-1

[Event "Titled Tue 27th May Early"]
[Site "chess.com INT"]
[Date "2025.05.27"]
[Round "6"]
[White "Buscar, Michael"]
[Black "Kislinsky, Alexey"]
[Result "0-1"]
[BlackTitle "GM"]
[WhiteElo "2016"]
[BlackElo "2350"]
[WhiteFideId "2603616"]
[BlackFideId "14108801"]
[EventDate "2025.05.27"]

1. d4 d5 2. c4 dxc4 3. e3 Nf6 4. Bxc4 e6 5. Nf3 a6 6. O-O b5 7. Be2 Bb7 8. a3 c5
9. dxc5 Bxc5 10. b4 Bb6 11. Bb2 Nbd7 12. Nbd2 O-O 13. Nb3 Qe7 14. Rc1 Rfd8 15.
Qc2 Be4 16. Bd3 Bxd3 17. Qxd3 Ne5 18. Qe2 Nc4 19. Ne5 Nxe5 20. Bxe5 Rac8 21. Bd4
Bxd4 22. Nxd4 Qb7 23. Nb3 Qb6 24. Nc5 h6 25. h3 Nd5 26. Qg4 Rc7 27. Rcd1 Rdc8
28. Rd4 a5 29. Nd3 Rc4 30. Ne5 Rxd4 31. exd4 axb4 32. axb4 Nxb4 33. Qf3 Qa7 34.
Rb1 Nc2 35. Qg4 Qxd4 36. Rxb5 Qxg4 37. hxg4 Nd4 38. Rb7 Rf8 39. Nd7 Rd8 40. Ne5
f6 41. Ng6 Nc6 42. Ne7+ Nxe7 43. Rxe7 e5 44. f3 Rd2 45. Kh2 Kh7 46. Kg3 Kg6 47.
Rc7 Rd3 48. Kf2 Rd4 49. Ke3 Rd8 50. Kf2 Rh8 51. Rb7 h5 52. gxh5+ Rxh5 53. Kg3
Rh8 54. Kf2 Rd8 55. Rb4 Rd7 56. Kg3 Kf5 57. Rb5 Rd2 58. Rb7 g6 59. Rb5 Rd3 60.
Ra5 Rb3 61. Rc5 Ra3 62. Rb5 g5 63. Rc5 Rb3 64. Ra5 Rb4 65. Ra6 g4 66. fxg4+
Rxg4+ 67. Kf3 Rf4+ 68. Kg3 Rc4 69. Ra5 Ke4 70. Ra3 f5 71. Rb3 Rd4 72. Rb5 Rd3+
73. Kf2 Rd2+ 74. Kg3 f4+ 75. Kh2 f3 76. Rb4+ Kf5 77. Kg3 fxg2 78. Kh2 e4 79. Rb3
Kf4 80. Kg1 e3 81. Rb8 Kf3 82. Rf8+ Ke4 83. Re8+ Kd3 84. Rd8+ Kc2 85. Re8 e2 86.
Kf2 Kd1 0-1

[Event "Titled Tue 27th May Early"]
[Site "chess.com INT"]
[Date "2025.05.27"]
[Round "6"]
[White "Kovalenko, Igor"]
[Black "Nguyen, Ngoc Truong Son"]
[Result "1/2-1/2"]
[WhiteTitle "GM"]
[BlackTitle "GM"]
[WhiteElo "2676"]
[BlackElo "2632"]
[WhiteFideId "14117908"]
[BlackFideId "12401110"]
[EventDate "2025.05.27"]

1. c4 e6 2. Nf3 d5 3. g3 Nf6 4. Bg2 Be7 5. O-O O-O 6. d4 dxc4 7. Qc2 a6 8. a4
Bd7 9. Qxc4 Bc6 10. Bg5 Nbd7 11. Nc3 h6 12. Bxf6 Nxf6 13. Rfd1 a5 14. Qb3 Rb8
15. Ne5 Bxg2 16. Kxg2 c6 17. e4 Bb4 18. f3 Nd7 19. Nd3 Qe7 20. Rac1 Rfd8 21. Ne2
Bd6 22. Rc2 Rdc8 23. h4 Qd8 24. f4 b5 25. e5 Bf8 26. Rdc1 bxa4 27. Qxa4 Nb6 28.
Qxa5 Ra8 29. Qd2 Nd5 30. Nf2 Bb4 31. Qd3 Bf8 32. Qf3 Qb6 33. Ne4 Ra2 34. N4c3
Nxc3 35. bxc3 Ra3 36. Qe4 c5 37. d5 exd5 38. Qxd5 Rd8 39. Qe4 Qb5 40. f5 Ra4 41.
c4 Qd7 42. Nf4 Qe8 43. Nd5 Kh8 44. Re1 Rb8 45. Re3 Ra1 46. e6 fxe6 47. Qxe6 Qh5
48. Rce2 Rbb1 49. Qe4 Rh1 50. Re1 Rhxe1 51. Rxe1 Rxe1 52. Qxe1 Qxf5 53. Qf2 Qe4+
54. Qf3 Qe8 55. Kh3 Bd6 56. h5 Qe6+ 57. Qg4 Qe8 58. Qf5 Kg8 59. Qg6 Qd7+ 60. Kg2
Kf8 61. Kf3 Be5 62. Ke4 Bd6 63. Qf5+ Qxf5+ 64. Kxf5 Bxg3 65. Ke6 Bf2 66. Ne7 g5
67. hxg6 h5 68. Nf5 h4 69. Kf6 Bd4+ 70. Kg5 h3 71. Kg4 h2 72. Ng3 Be5 73. Nh1
Kg7 74. Kh3 Kxg6 75. Kg2 Kf5 76. Nf2 Bd6 77. Nd3 Ke4 78. Nxc5+ Bxc5 79. Kxh2 Kd4
80. Kg2 Kxc4 1/2-1/2

[Event "Titled Tue 27th May Early"]
[Site "chess.com INT"]
[Date "2025.05.27"]
[Round "6"]
[White "Mizzi, Jack"]
[Black "Sathvik Adiga"]
[Result "1-0"]
[WhiteTitle "CM"]
[BlackTitle "IM"]
[WhiteElo "2086"]
[BlackElo "2341"]
[WhiteFideId "5602521"]
[BlackFideId "25745700"]
[EventDate "2025.05.27"]

1. d4 d5 2. c4 e6 3. Nf3 Nf6 4. g3 c5 5. cxd5 cxd4 6. dxe6 Bxe6 7. Qxd4 Nc6 8.
Qxd8+ Rxd8 9. Bg2 Nb4 10. Na3 Nxa2 11. O-O a6 12. Be3 Bxa3 13. bxa3 Nc3 14. Rfe1
O-O 15. Bd4 Nfe4 16. Rac1 Rc8 17. Bf1 b5 18. Bxc3 Nxc3 19. Nd4 Bd5 20. Bg2 Rc4
21. Bxd5 Nxd5 22. Rxc4 bxc4 23. e4 Ne7 24. Rc1 Rc8 25. f4 Rc5 26. Kf2 Nc8 27.
Ke3 Nd6 28. a4 f6 29. Rb1 c3 30. Kd3 c2 31. Nxc2 Nxe4 32. Nd4 f5 33. Nxf5 Nf2+
34. Ke3 Ng4+ 35. Kf3 Nxh2+ 36. Kg2 Ng4 37. Ne7+ Kf7 38. Rb7 Kf6 39. Kf3 Nh2+ 40.
Ke4 Rc4+ 41. Kd5 Rxa4 42. Ng8+ Kg6 43. Ra7 Ng4 44. Ne7+ Kh5 45. Nf5 Nf6+ 46. Ke6
Re4+ 47. Kf7 Kg4 48. Nxg7 Nd5 49. Rxa6 Kxg3 50. Rh6 Rxf4+ 51. Ke6 Nf6 52. Rxf6
Re4+ 53. Kf7 Rf4 54. Nh5+ Kg4 55. Nxf4 Kg5 56. Ne6+ Kg4 57. Kg7 h5 58. Rg6+ Kf5
59. Nd4+ Kf4 60. Ne2+ Kf3 61. Ng1+ Kf2 62. Nh3+ Kf3 63. Kh6 h4 64. Kh5 Ke3 65.
Kxh4 Kd3 66. Kg5 Kd4 67. Kf5 Kc3 68. Nf4 Kc4 69. Rd6 Kc5 70. Ke5 Kc4 71. Rc6+
Kb3 72. Kd4 Kb2 73. Nd3+ Kb3 74. Rb6+ Ka4 75. Rb4+ Ka5 76. Kc5 Ka6 77. Rb3 Ka7
78. Kc6 Ka6 79. Ra3# 1-0

[Event "Titled Tue 27th May Early"]
[Site "chess.com INT"]
[Date "2025.05.27"]
[Round "6"]
[White "Avramidou, Anastasia"]
[Black "El Zein, Zayne-Eddine"]
[Result "0-1"]
[WhiteTitle "FM"]
[BlackTitle "CM"]
[WhiteElo "2294"]
[BlackElo "2146"]
[WhiteFideId "4239873"]
[BlackFideId "5313210"]
[EventDate "2025.05.27"]

1. e4 d6 2. d4 Nf6 3. Nc3 e5 4. dxe5 dxe5 5. Qxd8+ Kxd8 6. f3 Be6 7. Be3 Nbd7 8.
O-O-O c6 9. a3 Kc7 10. h3 h6 11. f4 exf4 12. Bxf4+ Kc8 13. Nf3 Bc5 14. Bd3 Nh5
15. Bh2 Be3+ 16. Kb1 Bf4 17. Ne2 Bxh2 18. Nxh2 Ne5 19. Nf3 Nxd3 20. cxd3 Kc7 21.
Kc2 a5 22. Nfd4 Rhe8 23. Rdf1 Nf6 24. Nxe6+ Rxe6 25. Rf3 Rd8 26. Rhf1 b5 27. Ng3
Rd7 28. Nf5 Ne8 29. g4 f6 30. Ng3 Nd6 31. Nh5 Nb7 32. b4 axb4 33. axb4 c5 34.
Nf4 Rc6 35. Nd5+ Kd8 36. Kc3 c4 37. Ra1 Ke8 38. Re3 Kf7 39. d4 Nd6 40. Nf4 g5
41. Ne2 Ne8 42. Ra8 Nc7 43. Ra5 Re6 44. Kd2 Rde7 45. Nc3 Rd7 46. d5 Re5 47. Nxb5
Nxd5 48. exd5 Rdxd5+ 49. Ke2 Rxb5 50. Ra7+ Kg6 51. Rxe5 Rxe5+ 52. Kd2 Rd5+ 53.
Kc3 Rd3+ 54. Kxc4 Rxh3 55. Rd7 Rg3 56. Rd4 f5 57. gxf5+ Kxf5 58. b5 Rg1 59. Rd3
Rg4+ 60. Kc5 Re4 61. b6 Re8 62. Rd7 h5 63. Rf7+ Kg4 64. Rg7 h4 65. b7 h3 66. Rh7
Kg3 67. Kd4 g4 68. Rg7 Kf3 69. Rf7+ Kg2 70. Rc7 Rb8 71. Rc2+ Kg3 72. Rc3+ Kh4
73. Rb3 h2 74. Rb1 Rxb7 75. Rxb7 g3 76. Ke3 g2 77. Kf4 Kh5 78. Kf5 Kh6 79. Rb6+
Kh7 80. Rb7+ Kg8 81. Rb8+ Kf7 82. Rb7+ Ke8 83. Ke6 Kd8 84. Kd6 Kc8 85. Rc7+ Kb8
86. Rg7 g1=Q 0-1

[Event "Titled Tue 27th May Early"]
[Site "chess.com INT"]
[Date "2025.05.27"]
[Round "6"]
[White "Kilic, Eray"]
[Black "Kosteniuk, Alexandra"]
[Result "1-0"]
[WhiteTitle "IM"]
[BlackTitle "GM"]
[WhiteElo "2469"]
[BlackElo "2479"]
[WhiteFideId "44517173"]
[BlackFideId "4128125"]
[EventDate "2025.05.27"]

1. e4 c6 2. Nc3 d5 3. Nf3 dxe4 4. Nxe4 Nf6 5. Nxf6+ exf6 6. d4 Bd6 7. Bd3 O-O 8.
O-O Bg4 9. h3 Bh5 10. Be4 Nd7 11. Qd3 Bg6 12. Bxg6 hxg6 13. Be3 Re8 14. Rfd1 Nf8
15. c4 g5 16. c5 Bc7 17. d5 cxd5 18. Qxd5 Qxd5 19. Rxd5 Rad8 20. Rad1 Rxd5 21.
Rxd5 Re4 22. a3 g6 23. b4 Re8 24. b5 b6 25. cxb6 axb6 26. Nd4 Ra8 27. Nc2 Ne6
28. g3 Kf8 29. Rd3 Ke8 30. Nb4 Ra5 31. Nd5 Rxb5 32. Nxf6+ Kf8 33. Rd7 Bd8 34.
Ne4 Be7 35. Rb7 Bxa3 36. Bxb6 Kg7 37. Ra7 Rxb6 38. Rxa3 Rb4 39. Nd6 Rd4 40. Ne8+
Kf8 41. Nf6 Kg7 42. Ng4 Rd1+ 43. Kg2 Nd4 44. Ra7 Nc6 45. Rc7 Rd6 46. Ne3 Ne5 47.
Re7 Kf6 48. Re8 Nc6 49. Rg8 Ke7 50. Ng4 Re6 51. Ra8 Nd4 52. Nh6 Nc6 53. Rc8 Ne5
54. Rc7+ Kd6 55. Rxf7 Nxf7 56. Nxf7+ Ke7 57. Nxg5 Ra6 58. h4 Kf6 59. g4 Ra3 60.
f3 Ke5 61. Kg3 Rb3 62. Nf7+ Kf6 63. Nd6 Ra3 64. Ne4+ Ke5 65. Nf2 Rb3 66. Nh3 Rb4
67. Ng5 Rb3 68. Ne4 Ra3 69. Nc5 Rc3 70. Nd7+ Ke6 71. Nf8+ Kf7 72. Nh7 Kg7 73.
Ng5 Rc4 74. Ne4 Ra4 75. Kf4 Kf7 76. Kg5 Kg7 77. Kf4 Kf7 78. Ke3 Kg7 79. Ng3 Rb4
80. h5 Rb3+ 81. Kf4 Rb4+ 82. Kg5 Rb5+ 83. Kh4 Rb3 84. f4 Rf3 85. hxg6 Kxg6 86.
f5+ Kf6 87. Nh5+ Kf7 88. Kg5 Ra3 89. Nf4 Ra5 90. Ng6 Rb5 91. Nh4 Ra5 92. Ng2 Rb5
93. Ne1 Rd5 94. Nf3 Kg7 95. Kf4 Kf7 96. g5 Ra5 97. Ne5+ Kg7 98. f6+ Kh7 99. Kf5
Kg8 100. Ke6 Ra6+ 101. Ke7 Ra5 102. Nd7 Rf5 103. g6 Kh8 104. Kf7 Re5 105. g7+ 1-0